La contaminación: producto del desarrollo capitalista /
Gardado en:
| Autor Principal: | |
|---|---|
| Formato: | Texto |
| Materias: | |
| Etiquetas: |
Engadir etiqueta
Sen Etiquetas, Sexa o primeiro en etiquetar este rexistro!
|
MARC
| LEADER | 00000 a a2200000 04500 | ||
|---|---|---|---|
| 001 | 46009 | ||
| 003 | |||
| 040 | |a CRAI/IIS |c CRAI/IIS | ||
| 100 | |a Huerta Domínguez, José Luis | ||
| 245 | |a La contaminación: producto del desarrollo capitalista / |c José Luis Huesrta Domínguez | ||
| 650 | |a CONTAMINACION | ||
| 650 | |a CAPITALISMO | ||
| 773 | |g número56 (1991), páginas 25-29 | ||
| 999 | |c 18549 |d 18549 | ||
